000 00861nam a2200193Ia 4500
008 151121s9999||||xx |||||||||||||| ||und||
082 _a923/देवगि
082 _bHNW-33964
100 _aदेवगिरीकर त्र्यंबक रघुनाथ
245 _aवल्लभभाई पटेल: चरित्र व काळ
260 _b"भारत ग्रथ माला प्रकाशन, पुणे।"
260 _c--
300 _a424
600 _aदेवगिरीकर त्र्यंबक रघुनाथ
630 _aवल्लभभाई पटेल: चरित्र व काळ
700 _aदेवगिरीकर त्र्यंबक रघुनाथ
730 _aवल्लभभाई पटेल: चरित्र व काळ
942 _cBOOK
999 _c1227051
_d1227048